000 00541nam 22001693 4500
001 32647
021 _b54174/92
090 _a32647
100 _a20260326d1995 u||y0pory50 ba
101 _apor
102 _aPT
200 _aComunicações
_b25 Anos ao Serviço do Desenvolvimento da Região do Algarve
_e8.º Congresso do Algarve
_fJoão Manuel Guerreiro Matoso
210 _aPortugal, Vilamoura
_cRacal club
_d1995
215 _a941 p.
_cil.
_d22 cm
300 _aNota: 7-9 abril, 1995
345 _dOferta
700 _aMatoso
_bJoão Manuel Guerreiro